Most Downloaded Apps in China (2023) - Statistics

General Stats
  • This quiz has been taken 14 times
  • The average score is 4 of 9
Answer Stats
Hint Answer % Correct
1012.4 Million WeChat
100%
901 Million Alipay
70%
490.6 Million Baidu
60%
694.9 Million Douyin
60%
795.2 Million TaoBao
50%
480.3 Mil Kuaishou
20%
728.2 Million Pinduoduo
20%
538.8 Million Baidu Map
10%
470.5 Mil IYI
10%
No matching quizzes found
Score Distribution
Percent of People with Each Score
Percentile by Number Answered
Your Score History
You have not taken this quiz